[Event "v4camp2016"]
[Site "?"]
[Date "2016.06.22"]
[Round "2.19"]
[White "Brnusak, Tomas"]
[Black "Grimm, Balazs"]
[Result "1-0"]
[BlackElo "1566"]
[WhiteElo "1600"]
[LiveChessVersion "1.4.8"]

1. d4 {[%clk 1:30:58]} d5 {[%clk 1:30:54]} 2. c4 {[%clk 1:31:18]} Nf6
{[%clk 1:31:06]} 3. Nc3 {[%clk 1:31:35]} Nc6 4. Bg5 {[%clk 1:31:19]} dxc4
{[%clk 1:29:42]} 5. e3 {[%clk 1:31:25]} Bf5 {[%clk 1:28:52]} 6. Bxc4
{[%clk 1:30:35]} e6 {[%clk 1:28:08]} 7. Nge2 {[%clk 1:29:12]} h6 {[%clk 1:27:31]}
8. Bh4 {[%clk 1:29:00]} g5 {[%clk 1:27:09]} 9. Bg3 {[%clk 1:28:46]} Ne4
{[%clk 1:15:15]} 10. Nxe4 {[%clk 1:27:13]} Bxe4 {[%clk 1:10:44]} 11. f3
{[%clk 1:22:39]} Bb4+ {[%clk 1:08:50]} 12. Nc3 {[%clk 1:22:29]} Bg6
{[%clk 1:08:18]} 13. a3 {[%clk 1:22:12]} Bd6 {[%clk 1:08:02]} 14. Bb5
{[%clk 1:20:40]} Bxg3+ {[%clk 1:07:19]} 15. hxg3 {[%clk 1:20:58]} Qd6
{[%clk 1:07:38]} 16. Bxc6+ {[%clk 1:20:21]} bxc6 {[%clk 1:07:28]} 17. Kf2
{[%clk 1:20:28]} Rb8 {[%clk 1:07:34]} 18. b4 {[%clk 1:19:43]} h5 {[%clk 1:04:29]}
19. Ne2 {[%clk 1:17:25]} Ke7 {[%clk 1:02:04]} 20. Qd2 {[%clk 1:15:43]} Rh7
{[%clk 0:57:37]} 21. e4 {[%clk 1:15:53]} f6 {[%clk 0:57:36]} 22. e5
{[%clk 1:15:51]} Qd5 {[%clk 0:55:58]} 23. Rac1 {[%clk 1:14:58]} Rb6
{[%clk 0:48:18]} 24. Rc5 {[%clk 1:14:49]} Qb3 {[%clk 0:41:50]} 25. exf6+
{[%clk 1:15:05]} Kf7 {[%clk 0:40:47]} 26. Qxg5 {[%clk 1:14:46]} Qb2
{[%clk 0:34:20]} 27. g4 {[%clk 1:14:21]} Bd3 {[%clk 0:33:25]} 28. Rxh5
{[%clk 1:12:29]} Qxe2+ {[%clk 0:31:14]} 29. Kg1 {[%clk 1:12:41]} Ke8
{[%clk 0:14:27]} 30. Qg8+ {[%clk 1:12:37]} Kd7 {[%clk 0:14:24]} 31. Rxh7+
{[%clk 1:12:51]} Bxh7 {[%clk 0:14:44]} 32. Qxh7+ {[%clk 1:12:37]} Kc8
{[%clk 0:14:54]} 33. f7 {[%clk 1:12:06]} Qe3+ {[%clk 0:10:32]} 34. Kf1
{[%clk 1:11:31]} 1-0

[Event "v4camp2016"]
[Site "?"]
[Date "2016.06.22"]
[Round "2.20"]
[White "Meszaros, Marta Mira"]
[Black "Korenova, Simona"]
[Result "0-1"]
[BlackElo "1530"]
[WhiteElo "1190"]
[LiveChessVersion "1.4.8"]

1. e4 {[%clk 1:30:57]} d5 {[%clk 1:30:49]} 2. d3 {[%clk 1:27:02]} dxe4
{[%clk 1:30:25]} 3. dxe4 {[%clk 1:27:19]} Qxd1+ {[%clk 1:30:49]} 4. Kxd1
{[%clk 1:27:41]} Nf6 {[%clk 1:30:49]} 5. Nc3 {[%clk 1:27:56]} e6 {[%clk 1:29:42]}
6. Bd3 {[%clk 1:27:43]} Bc5 {[%clk 1:28:20]} 7. Be3 {[%clk 1:25:23]} Bxe3
{[%clk 1:27:02]} 8. fxe3 {[%clk 1:25:41]} O-O {[%clk 1:25:09]} 9. Nf3
{[%clk 1:24:19]} b6 {[%clk 1:23:20]} 10. Ke2 {[%clk 1:22:54]} Bb7
{[%clk 1:21:43]} 11. Rad1 {[%clk 1:16:31]} Nbd7 {[%clk 1:17:09]} 12. Rhf1
{[%clk 1:10:16]} Nc5 {[%clk 1:13:51]} 13. e5 {[%clk 1:09:55]} Ng4
{[%clk 1:11:16]} 14. h3 {[%clk 1:09:27]} Bxf3+ {[%clk 1:11:31]} 15. gxf3
{[%clk 1:08:17]} Nxe5 {[%clk 1:11:11]} 16. Be4 {[%clk 1:06:58]} Nxe4
{[%clk 1:07:07]} 17. Nxe4 {[%clk 1:06:59]} Rad8 {[%clk 1:05:36]} 18. b3
{[%clk 1:01:36]} Nc6 {[%clk 0:59:30]} 19. a3 {[%clk 1:00:14]} h6 {[%clk 0:57:53]}
20. Nc3 {[%clk 0:58:46]} a6 {[%clk 0:56:52]} 21. h4 {[%clk 0:46:53]} Ne7
{[%clk 0:53:56]} 22. h5 {[%clk 0:46:25]} Nf5 {[%clk 0:51:21]} 23. Rg1
{[%clk 0:46:13]} Rxd1 {[%clk 0:50:37]} 24. Nxd1 {[%clk 0:46:30]} Rd8
{[%clk 0:50:41]} 25. c4 {[%clk 0:45:56]} c5 {[%clk 0:48:35]} 26. Nc3
{[%clk 0:45:55]} Ne7 {[%clk 0:44:35]} 27. Rb1 {[%clk 0:43:11]} Nf5
{[%clk 0:40:19]} 28. Ne4 {[%clk 0:42:06]} a5 {[%clk 0:36:34]} 29. a4
{[%clk 0:41:54]} Ne7 {[%clk 0:36:02]} 30. Nc3 {[%clk 0:40:57]} f5
{[%clk 0:35:20]} 31. Rg1 {[%clk 0:39:08]} e5 {[%clk 0:34:07]} 32. Rg2
{[%clk 0:36:52]} Kh7 {[%clk 0:32:13]} 33. Rg1 {[%clk 0:35:53]} Ng8
{[%clk 0:31:14]} 34. Nd5 {[%clk 0:33:46]} Rd6 {[%clk 0:30:40]} 35. Rg2
{[%clk 0:31:07]} Nf6 {[%clk 0:29:40]} 36. Ne7 {[%clk 0:30:14]} f4
{[%clk 0:25:29]} 37. Nf5 {[%clk 0:28:57]} Rd7 {[%clk 0:25:06]} 38. e4
{[%clk 0:25:16]} Nxh5 {[%clk 0:22:26]} 39. Rg1 {[%clk 0:25:11]} g6
{[%clk 0:21:57]} 40. Nh4 {[%clk 0:25:13]} Ng3+ {[%clk 0:22:05]} 41. Ke1
{[%clk 0:22:47]} Rd3 {[%clk 0:21:03]} 42. Rg2 {[%clk 0:22:51]} h5
{[%clk 0:18:34]} 43. Kf2 {[%clk 0:20:24]} Rxb3 {[%clk 0:18:15]} 44. Ke1
{[%clk 0:20:29]} Rd3 {[%clk 0:18:12]} 45. Rf2 {[%clk 0:20:29]} Rd4
{[%clk 0:17:46]} 46. Rc2 {[%clk 0:20:42]} Kh6 {[%clk 0:17:43]} 47. Rb2
{[%clk 0:20:34]} Rd6 {[%clk 0:17:15]} 48. Rb3 {[%clk 0:20:22]} g5
{[%clk 0:16:29]} 49. Ng2 {[%clk 0:19:28]} h4 {[%clk 0:15:30]} 50. Nxh4
{[%clk 0:19:09]} gxh4 {[%clk 0:15:54]} 51. Rb2 {[%clk 0:19:25]} Kg5
{[%clk 0:16:05]} 52. Rh2 {[%clk 0:19:34]} Rd3 {[%clk 0:15:50]} 53. Kf2
{[%clk 0:19:37]} Rd2+ {[%clk 0:16:15]} 54. Kg1 {[%clk 0:19:51]} Rxh2
{[%clk 0:16:35]} 55. Kxh2 {[%clk 0:20:15]} Nf1+ {[%clk 0:16:58]} 56. Kh3
{[%clk 0:20:27]} Ne3 {[%clk 0:17:24]} 57. Kh2 {[%clk 0:20:36]} Nxc4
{[%clk 0:17:51]} 58. Kg1 Ne3 {[%clk 0:18:14]} 59. Kf2 {[%clk 0:20:52]} c4
{[%clk 0:18:41]} 60. Ke1 {[%clk 0:21:07]} h3 {[%clk 0:19:03]} 61. Kd2
{[%clk 0:20:49]} h2 {[%clk 0:19:29]} 62. Kc3 {[%clk 0:20:45]} h1=Q
{[%clk 0:19:49]} 63. Kb2 {[%clk 0:21:00]} Qd1 {[%clk 0:20:09]} 64. Kc3
{[%clk 0:21:07]} Qd3+ {[%clk 0:20:35]} 65. Kb2 {[%clk 0:21:28]} c3+
{[%clk 0:20:59]} 66. Ka2 {[%clk 0:21:44]} c2 {[%clk 0:21:10]} 67. Kb2
{[%clk 0:22:05]} Nc4+ {[%clk 0:21:26]} 68. Ka1 {[%clk 0:22:17]} c1=Q+
{[%clk 0:21:47]} 69. Ka2 {[%clk 0:22:41]} Qda3# 0-1

[Event "v4camp2016"]
[Site "?"]
[Date "2016.06.22"]
[Round "2.21"]
[White "Janecek, Miroslav"]
[Black "Sankova, Stella"]
[Result "0-1"]
[BlackElo "1792"]
[WhiteElo "1454"]
[LiveChessVersion "1.4.8"]

1. d4 {[%clk 1:30:57]} d5 {[%clk 1:30:52]} 2. c4 {[%clk 1:31:18]} c6
{[%clk 1:31:17]} 3. Nf3 {[%clk 1:31:40]} Nf6 {[%clk 1:31:40]} 4. Nc3
{[%clk 1:31:48]} dxc4 {[%clk 1:31:55]} 5. e4 {[%clk 1:31:21]} b5 {[%clk 1:31:58]}
6. d5 {[%clk 1:25:13]} b4 {[%clk 1:22:55]} 7. Na4 {[%clk 1:21:38]} cxd5
{[%clk 1:14:40]} 8. exd5 {[%clk 1:21:41]} Bb7 {[%clk 1:11:07]} 9. Bxc4
{[%clk 1:19:18]} Bxd5 {[%clk 1:10:40]} 10. Qb3 {[%clk 1:08:32]} e6
{[%clk 1:08:54]} 11. Bg5 {[%clk 1:05:19]} Bxc4 {[%clk 0:57:30]} 12. Qxc4
{[%clk 1:05:35]} Nbd7 {[%clk 0:56:25]} 13. Rd1 {[%clk 1:03:02]} Qc8
{[%clk 0:53:29]} 14. Qd3 {[%clk 0:56:05]} Be7 {[%clk 0:52:34]} 15. Bxf6
{[%clk 0:55:26]} Nxf6 {[%clk 0:52:44]} 16. Qb5+ {[%clk 0:54:35]} Kf8
{[%clk 0:50:48]} 17. O-O {[%clk 0:48:42]} Rb8 {[%clk 0:44:17]} 18. Rc1
{[%clk 0:38:11]} Qe8 {[%clk 0:40:32]} 19. Qa6 {[%clk 0:34:24]} g6
{[%clk 0:40:27]} 20. Rc7 {[%clk 0:30:02]} Kg7 {[%clk 0:40:38]} 21. Rfc1
{[%clk 0:27:52]} Nd5 {[%clk 0:38:27]} 22. Rxa7 {[%clk 0:25:09]} Rc8
{[%clk 0:37:02]} 23. Rxc8 {[%clk 0:19:36]} Qxc8 {[%clk 0:37:25]} 24. h3
{[%clk 0:19:17]} Qc1+ {[%clk 0:33:48]} 25. Kh2 {[%clk 0:19:09]} Qf4+
{[%clk 0:33:59]} 26. Kg1 {[%clk 0:18:19]} Qc1+ {[%clk 0:34:25]} 27. Kh2
{[%clk 0:18:07]} Rc8 {[%clk 0:34:25]} 28. Qe2 {[%clk 0:11:28]} Bd6+
{[%clk 0:31:45]} 29. g3 {[%clk 0:10:20]} Rc2 {[%clk 0:31:31]} 30. Qe1
{[%clk 0:06:44]} Qxe1 {[%clk 0:31:30]} 31. Nxe1 {[%clk 0:07:12]} Rxf2+
{[%clk 0:31:34]} 32. Kg1 {[%clk 0:06:28]} Bxg3 {[%clk 0:28:56]} 33. Nd3
{[%clk 0:06:30]} Rd2 {[%clk 0:28:43]} 34. Nxb4 {[%clk 0:02:13]} Bf2+ 35. Kh1
{[%clk 0:02:33]} Bxa7 {[%clk 0:28:51]} 36. Nxd5 exd5 37. Nc3 {[%clk 0:02:54]}
Rxb2 {[%clk 0:29:11]} 0-1

[Event "v4camp2016"]
[Site "?"]
[Date "2016.06.22"]
[Round "2.22"]
[White "Cibikova, Sofia Anna"]
[Black "Palyza, Lukas"]
[Result "1-0"]
[BlackElo "1348"]
[WhiteElo "1716"]
[LiveChessVersion "1.4.8"]

1. c4 {[%clk 1:30:58]} Nf6 {[%clk 1:30:56]} 2. Nc3 {[%clk 1:31:21]} g6
{[%clk 1:31:24]} 3. g3 {[%clk 1:31:42]} Bg7 {[%clk 1:31:48]} 4. Bg2
{[%clk 1:32:01]} O-O {[%clk 1:31:30]} 5. Nf3 {[%clk 1:32:09]} c6 {[%clk 1:30:56]}
6. O-O {[%clk 1:31:40]} d5 {[%clk 1:30:48]} 7. cxd5 {[%clk 1:30:41]} cxd5
{[%clk 1:31:09]} 8. d4 {[%clk 1:29:10]} Nc6 {[%clk 1:31:26]} 9. Bd2
{[%clk 1:27:20]} Bf5 {[%clk 1:31:14]} 10. e3 {[%clk 1:22:51]} Rc8
{[%clk 1:18:19]} 11. Rc1 {[%clk 1:18:12]} Nb4 {[%clk 1:12:08]} 12. Ne5
{[%clk 1:14:05]} Nd3 {[%clk 1:03:09]} 13. Nxd3 {[%clk 1:14:20]} Bxd3
{[%clk 1:03:28]} 14. Re1 {[%clk 1:14:40]} Re8 {[%clk 1:02:19]} 15. Nxd5
{[%clk 1:10:28]} Rxc1 {[%clk 0:59:04]} 16. Nxf6+ {[%clk 1:10:48]} Bxf6
{[%clk 0:59:28]} 17. Qxc1 {[%clk 1:11:09]} b6 {[%clk 0:59:34]} 18. Qc3
{[%clk 1:09:20]} Bf5 {[%clk 0:55:59]} 19. Bc6 {[%clk 1:06:37]} Rf8
{[%clk 0:53:11]} 20. Rc1 {[%clk 1:05:19]} Qb8 {[%clk 0:50:32]} 21. e4
{[%clk 1:01:24]} Bh3 {[%clk 0:47:56]} 22. Bf4 {[%clk 0:59:23]} Qc8
{[%clk 0:45:20]} 23. e5 {[%clk 0:56:10]} Bg7 {[%clk 0:45:31]} 24. Bg2
{[%clk 0:56:07]} Qxc3 {[%clk 0:45:12]} 25. Rxc3 {[%clk 0:56:29]} Be6
{[%clk 0:45:36]} 26. d5 {[%clk 0:53:37]} Bf5 {[%clk 0:44:53]} 27. Rc7
{[%clk 0:53:14]} a5 {[%clk 0:42:52]} 28. Rxe7 {[%clk 0:51:28]} Rb8
{[%clk 0:41:43]} 29. e6 {[%clk 0:47:43]} Rf8 {[%clk 0:41:22]} 30. exf7+
{[%clk 0:45:13]} 1-0

[Event "v4camp2016"]
[Site "?"]
[Date "2016.06.22"]
[Round "2.24"]
[White "Bobrova, Katarina"]
[Black "Vavrinkova, Anna"]
[Result "0-1"]
[BlackElo "1333"]
[WhiteElo "1442"]
[LiveChessVersion "1.4.8"]

1. Nf3 {[%clk 1:30:53]} d5 {[%clk 1:30:48]} 2. d4 {[%clk 1:31:04]} Nf6
{[%clk 1:30:27]} 3. Bf4 {[%clk 1:29:43]} Bg4 {[%clk 1:29:48]} 4. e3
{[%clk 1:29:01]} e6 {[%clk 1:29:35]} 5. c4 {[%clk 1:26:41]} Bb4+ {[%clk 1:27:59]}
6. Nc3 {[%clk 1:24:16]} Ne4 {[%clk 1:26:27]} 7. Rc1 {[%clk 1:23:37]} c6
{[%clk 1:25:54]} 8. Be2 {[%clk 1:20:30]} O-O {[%clk 1:25:35]} 9. O-O
{[%clk 1:20:01]} Bxc3 {[%clk 1:25:11]} 10. bxc3 {[%clk 1:19:30]} Nd7
{[%clk 1:24:12]} 11. cxd5 {[%clk 1:16:40]} cxd5 {[%clk 1:23:20]} 12. Nd2
{[%clk 1:16:09]} Bxe2 {[%clk 1:23:28]} 13. Qxe2 {[%clk 1:16:19]} Ndf6
{[%clk 1:23:10]} 14. Nxe4 {[%clk 1:12:30]} Nxe4 {[%clk 1:23:14]} 15. Qg4
{[%clk 1:11:44]} Kh8 {[%clk 1:22:51]} 16. f3 {[%clk 1:05:04]} Nf6
{[%clk 1:22:49]} 17. Qg3 {[%clk 1:03:23]} Rc8 {[%clk 1:22:27]} 18. Rfe1
{[%clk 1:03:10]} Nh5 {[%clk 1:22:18]} 19. Qg4 {[%clk 1:03:13]} Nxf4
{[%clk 1:22:16]} 20. Qxf4 {[%clk 1:03:20]} Qa5 {[%clk 1:20:42]} 21. Qd6
{[%clk 0:59:50]} Qxa2 {[%clk 1:19:54]} 22. e4 {[%clk 0:58:35]} dxe4
{[%clk 1:19:50]} 23. fxe4 {[%clk 0:58:08]} Qd2 {[%clk 1:19:32]} 24. d5
{[%clk 0:56:48]} Rfd8 {[%clk 1:18:59]} 25. Qb4 {[%clk 0:55:07]} exd5
{[%clk 1:18:49]} 26. exd5 {[%clk 0:54:53]} Qxd5 {[%clk 1:18:37]} 27. c4
{[%clk 0:52:54]} Qd4+ {[%clk 1:16:28]} 28. Kf1 {[%clk 0:51:37]} Rc6
{[%clk 1:15:49]} 29. g3 {[%clk 0:45:17]} Rf6+ {[%clk 1:15:52]} 30. Kg2
{[%clk 0:42:57]} Qf2+ {[%clk 1:16:00]} 31. Kh1 {[%clk 0:41:27]} Rh6
{[%clk 1:15:45]} 32. h4 {[%clk 0:35:43]} Qxg3 {[%clk 1:15:48]} 0-1

[Event "v4camp2016"]
[Site "?"]
[Date "2016.06.22"]
[Round "2.25"]
[White "Golda, Sebastian"]
[Black "Szotkowski, David"]
[Result "1-0"]
[BlackElo "1783"]
[WhiteElo "1877"]
[LiveChessVersion "1.4.8"]

1. e4 {[%clk 1:28:57]} c5 {[%clk 1:30:52]} 2. Nf3 {[%clk 1:28:34]} d6
{[%clk 1:31:10]} 3. d4 {[%clk 1:28:45]} cxd4 {[%clk 1:31:32]} 4. Nxd4
{[%clk 1:29:09]} Nf6 {[%clk 1:31:42]} 5. Nc3 {[%clk 1:29:35]} Nc6
{[%clk 1:31:54]} 6. Bg5 {[%clk 1:29:59]} Qb6 {[%clk 1:20:02]} 7. Nb3
{[%clk 0:55:22]} Ng4 {[%clk 1:16:48]} 8. Qd2 {[%clk 0:53:34]} h6 {[%clk 1:16:03]}
9. Bh4 {[%clk 0:53:10]} g6 {[%clk 1:10:46]} 10. Nd5 {[%clk 0:48:43]} Qd8
{[%clk 1:09:33]} 11. O-O-O {[%clk 0:46:12]} Bg7 {[%clk 1:05:54]} 12. f3
{[%clk 0:39:00]} Nge5 {[%clk 1:05:40]} 13. Bf2 {[%clk 0:33:00]} O-O
{[%clk 1:03:40]} 14. Be3 {[%clk 0:32:59]} Kh7 {[%clk 1:03:02]} 15. h4
{[%clk 0:23:29]} a5 {[%clk 0:49:35]} 16. Nb6 {[%clk 0:18:29]} Rb8
{[%clk 0:45:39]} 17. Nxa5 {[%clk 0:18:54]} Be6 {[%clk 0:45:02]} 18. Kb1
{[%clk 0:18:49]} Qc7 {[%clk 0:43:56]} 19. Nb3 {[%clk 0:18:43]} Nd7
{[%clk 0:38:42]} 20. Nd5 {[%clk 0:17:13]} Rfc8 {[%clk 0:37:10]} 21. Nxc7
{[%clk 0:17:41]} 1-0

[Event "v4camp2016"]
[Site "?"]
[Date "2016.06.22"]
[Round "2.26"]
[White "Berezjuk, Rostislav"]
[Black "Korcyl, Patryk"]
[Result "1-0"]
[BlackElo "1527"]
[WhiteElo "1588"]
[LiveChessVersion "1.4.8"]

1. d4 {[%clk 1:30:39]} Nf6 {[%clk 1:30:56]} 2. Bf4 {[%clk 1:30:31]} g6
{[%clk 1:31:03]} 3. e3 {[%clk 1:30:13]} Bg7 {[%clk 1:31:26]} 4. c4
{[%clk 1:29:49]} d6 {[%clk 1:31:32]} 5. Nf3 {[%clk 1:29:05]} O-O {[%clk 1:31:54]}
6. Be2 {[%clk 1:22:30]} Nbd7 {[%clk 1:32:07]} 7. Nc3 {[%clk 1:19:32]} Re8
{[%clk 1:29:49]} 8. O-O {[%clk 1:16:30]} c5 {[%clk 1:27:46]} 9. d5
{[%clk 1:10:15]} Nh5 {[%clk 1:19:12]} 10. Qd2 {[%clk 1:06:56]} Nxf4
{[%clk 1:18:39]} 11. exf4 {[%clk 1:07:13]} Nf6 {[%clk 1:16:56]} 12. Rfe1
{[%clk 1:02:32]} Bf5 {[%clk 1:14:05]} 13. Bd3 {[%clk 0:57:57]} Bxd3
{[%clk 1:14:09]} 14. Qxd3 {[%clk 0:58:19]} Qb6 {[%clk 1:14:21]} 15. Re2
{[%clk 0:56:12]} Rad8 {[%clk 1:10:00]} 16. Rae1 {[%clk 0:54:02]} Rd7
{[%clk 1:06:51]} 17. f5 {[%clk 0:53:47]} Ng4 {[%clk 0:59:15]} 18. fxg6
{[%clk 0:52:32]} hxg6 {[%clk 0:59:33]} 19. Ng5 {[%clk 0:51:42]} Bf6
{[%clk 0:54:55]} 20. Qh3 1-0

[Event "v4camp2016"]
[Site "?"]
[Date "2016.06.22"]
[Round "2.27"]
[White "Rog, Mateusz"]
[Black "Fortiak, Samuel"]
[Result "1/2-1/2"]
[BlackElo "1503"]
[WhiteElo "1403"]
[LiveChessVersion "1.4.8"]

1. e4 {[%clk 1:30:57]} e5 {[%clk 1:30:32]} 2. Nf3 {[%clk 1:31:18]} Nc6
{[%clk 1:30:35]} 3. Bc4 {[%clk 1:31:23]} Nf6 {[%clk 1:28:29]} 4. d3
{[%clk 1:27:44]} Be7 {[%clk 1:23:34]} 5. O-O {[%clk 1:27:44]} h6 {[%clk 1:22:36]}
6. c3 {[%clk 1:26:35]} d6 {[%clk 1:20:13]} 7. Nbd2 {[%clk 1:26:42]} O-O
{[%clk 1:17:41]} 8. Bb3 {[%clk 1:26:49]} Bg4 {[%clk 1:15:19]} 9. Re1
{[%clk 1:26:39]} Nh7 {[%clk 1:11:14]} 10. h3 {[%clk 1:26:39]} Bh5
{[%clk 1:10:57]} 11. Nf1 {[%clk 1:21:50]} Ng5 {[%clk 1:00:53]} 12. g4
{[%clk 1:19:37]} Bg6 {[%clk 0:59:20]} 13. Nxg5 {[%clk 1:15:57]} Bxg5
{[%clk 0:57:32]} 14. d4 {[%clk 1:15:44]} Bh4 {[%clk 0:51:56]} 15. Ng3
{[%clk 1:14:16]} Qf6 {[%clk 0:45:01]} 16. d5 {[%clk 1:12:05]} Na5
{[%clk 0:42:41]} 17. Bc2 {[%clk 1:10:01]} Nc4 {[%clk 0:38:39]} 18. b3
{[%clk 1:09:00]} Nb6 {[%clk 0:37:48]} 19. Re3 {[%clk 1:08:33]} Nd7
{[%clk 0:34:17]} 20. Rf3 {[%clk 1:08:04]} Qe7 {[%clk 0:34:12]} 21. Nf5
{[%clk 1:04:31]} Bxf5 {[%clk 0:32:32]} 22. exf5 {[%clk 0:58:52]} Bg5
{[%clk 0:30:09]} 23. Qd3 {[%clk 0:57:54]} Nf6 {[%clk 0:25:34]} 24. Bxg5
{[%clk 0:56:50]} hxg5 {[%clk 0:25:19]} 25. Re1 {[%clk 0:52:59]} Qd7
{[%clk 0:21:53]} 26. Qd2 {[%clk 0:52:40]} Nh7 {[%clk 0:20:18]} 27. f6
{[%clk 0:52:24]} Nxf6 {[%clk 0:17:08]} 28. Qxg5 {[%clk 0:52:31]} Nh7
{[%clk 0:17:03]} 29. Qh5 {[%clk 0:46:36]} g6 {[%clk 0:16:16]} 30. Qh6
{[%clk 0:46:45]} Rfe8 {[%clk 0:13:26]} 31. Re4 {[%clk 0:45:41]} Qe7
{[%clk 0:12:35]} 32. h4 {[%clk 0:45:26]} Nf6 {[%clk 0:12:28]} 33. Rc4
{[%clk 0:37:24]} b5 {[%clk 0:12:08]} 34. Rxc7 {[%clk 0:37:06]} Nxg4
{[%clk 0:10:37]} 35. Rxe7 {[%clk 0:36:55]} Nxh6 {[%clk 0:10:44]} 36. Rd7
{[%clk 0:35:11]} Red8 {[%clk 0:10:36]} 37. Rxd8+ {[%clk 0:35:07]} Rxd8
{[%clk 0:10:58]} 38. h5 {[%clk 0:33:49]} g5 {[%clk 0:07:33]} 39. c4
{[%clk 0:33:42]} bxc4 {[%clk 0:07:22]} 40. bxc4 {[%clk 0:33:52]} Rb8
{[%clk 0:06:46]} 41. Rb3 {[%clk 0:32:50]} Rxb3 {[%clk 0:06:22]} 42. axb3
{[%clk 0:33:11]} a5 {[%clk 0:05:19]} 43. Kf1 {[%clk 0:31:05]} Kf8
{[%clk 0:05:22]} 44. Ke2 {[%clk 0:31:18]} Ke7 {[%clk 0:05:30]} 45. Kd2
{[%clk 0:31:19]} Kd7 {[%clk 0:05:23]} 46. Kc3 {[%clk 0:31:32]} Kc7
{[%clk 0:04:28]} 47. b4 {[%clk 0:30:17]} Kb6 {[%clk 0:04:26]} 48. c5+
{[%clk 0:32:31]} dxc5 {[%clk 0:03:19]} 49. bxa5+ {[%clk 0:32:49]} Kxa5
{[%clk 0:03:31]} 50. d6 {[%clk 0:28:58]} Kb6 {[%clk 0:03:47]} 51. Ba4
{[%clk 0:29:06]} f5 {[%clk 0:01:29]} 52. Kc4 {[%clk 0:28:26]} g4 {[%clk 0:00:40]}
53. Kd5 {[%clk 0:28:37]} f4 {[%clk 0:00:45]} 54. Bd1 {[%clk 0:26:29]} g3
{[%clk 0:00:45]} 55. fxg3 {[%clk 0:26:51]} fxg3 {[%clk 0:01:08]} 56. Bf3
{[%clk 0:27:16]} Kb7 {[%clk 0:00:38]} 57. Kxc5+ {[%clk 0:26:12]} Kc8
{[%clk 0:00:55]} 58. Kd5 {[%clk 0:26:09]} Kd7 {[%clk 0:00:50]} 59. Bg2
{[%clk 0:26:05]} Nf7 {[%clk 0:00:33]} 60. Bh3+ {[%clk 0:26:18]} Kd8
{[%clk 0:00:40]} 61. d7 {[%clk 0:20:34]} Ke7 {[%clk 0:00:39]} 62. Kc5
{[%clk 0:18:23]} Kd8 {[%clk 0:00:45]} 63. Kc4 {[%clk 0:17:28]} g2
{[%clk 0:00:47]} 64. Bxg2 {[%clk 0:17:41]} Kxd7 {[%clk 0:01:14]} 65. Kd5
{[%clk 0:17:01]} 1/2-1/2

[Event "v4camp2016"]
[Site "?"]
[Date "2016.06.22"]
[Round "2.28"]
[White "Niczyporuk, Jakub"]
[Black "Surpeta, Julia"]
[Result "1-0"]
[BlackElo "1492"]
[WhiteElo "1227"]
[LiveChessVersion "1.4.8"]

1. c4 {[%clk 1:30:51]} c6 {[%clk 1:28:27]} 2. d4 {[%clk 1:29:58]} Nf6
{[%clk 1:27:46]} 3. Nc3 {[%clk 1:29:00]} d5 {[%clk 1:27:44]} 4. c5
{[%clk 1:26:17]} Bf5 {[%clk 1:24:39]} 5. Nf3 {[%clk 1:24:58]} b6 {[%clk 1:18:23]}
6. b4 {[%clk 1:19:01]} g6 {[%clk 1:15:47]} 7. Bf4 {[%clk 1:16:29]} Bg7
{[%clk 1:15:26]} 8. e3 {[%clk 1:15:15]} O-O {[%clk 1:14:34]} 9. Bd3
{[%clk 1:13:24]} Ne4 {[%clk 1:14:45]} 10. Bxe4 {[%clk 1:13:04]} dxe4
{[%clk 1:13:57]} 11. Ng5 {[%clk 1:10:18]} Nd7 {[%clk 1:13:17]} 12. Ngxe4
{[%clk 1:07:17]} Kh8 {[%clk 1:13:01]} 13. Ng3 {[%clk 1:04:15]} bxc5
{[%clk 1:13:16]} 14. Nxf5 {[%clk 1:03:41]} gxf5 {[%clk 1:13:37]} 15. O-O
{[%clk 1:02:38]} cxb4 {[%clk 1:12:45]} 16. Ne2 {[%clk 1:00:36]} f6
{[%clk 1:09:17]} 17. Qc2 {[%clk 0:59:09]} e5 {[%clk 1:09:15]} 18. Bg3
{[%clk 0:59:01]} Rc8 {[%clk 1:02:42]} 19. Qxf5 {[%clk 0:57:27]} c5
{[%clk 1:02:28]} 20. dxc5 {[%clk 0:55:30]} Nxc5 {[%clk 1:01:59]} 21. Rfd1
{[%clk 0:54:15]} Qb6 {[%clk 1:01:25]} 22. Rab1 {[%clk 0:52:10]} Qa6
{[%clk 1:01:37]} 23. Rd2 {[%clk 0:50:33]} Rcd8 {[%clk 1:01:03]} 24. Rxd8
{[%clk 0:48:24]} Rxd8 {[%clk 1:01:26]} 25. Qc2 {[%clk 0:48:18]} Rc8
{[%clk 0:57:51]} 26. Rc1 {[%clk 0:44:42]} Qb6 {[%clk 0:55:02]} 27. f4
{[%clk 0:43:38]} Rc7 {[%clk 0:52:49]} 28. Be1 {[%clk 0:42:34]} exf4
{[%clk 0:50:18]} 29. Qd2 {[%clk 0:40:59]} Rf7 {[%clk 0:35:23]} 30. Qd5
{[%clk 0:39:44]} Ne6 {[%clk 0:35:26]} 31. Nd4 {[%clk 0:37:14]} Ng5
{[%clk 0:30:32]} 32. exf4 {[%clk 0:36:06]} Rf8 {[%clk 0:29:11]} 33. Bf2
{[%clk 0:34:55]} Rd8 {[%clk 0:28:07]} 34. Nf5 {[%clk 0:23:42]} Qb8
{[%clk 0:24:24]} 35. Qc4 {[%clk 0:21:20]} b3 {[%clk 0:18:25]} 36. axb3
{[%clk 0:20:37]} Ne4 {[%clk 0:18:10]} 37. Qxe4 {[%clk 0:18:55]} Bf8
{[%clk 0:16:13]} 38. Qc4 {[%clk 0:17:54]} h6 {[%clk 0:15:01]} 39. Nh4
{[%clk 0:16:23]} Qd6 {[%clk 0:11:30]} 40. Re1 {[%clk 0:14:55]} Rd7
{[%clk 0:08:09]} 41. Ng6+ {[%clk 0:15:11]} Kg7 {[%clk 0:08:19]} 42. Nxf8
{[%clk 0:15:29]} Qxf8 {[%clk 0:08:26]} 43. Qe6 {[%clk 0:15:12]} Rf7
{[%clk 0:08:04]} 44. Qg4+ {[%clk 0:13:36]} Kh8 {[%clk 0:08:26]} 45. f5
{[%clk 0:13:58]} Rg7 {[%clk 0:08:16]} 46. Qf4 {[%clk 0:14:20]} Kh7
{[%clk 0:08:40]} 47. Re3 {[%clk 0:11:55]} Rd7 {[%clk 0:07:57]} 48. Qg4
{[%clk 0:11:15]} Rg7 {[%clk 0:08:06]} 49. Qe2 {[%clk 0:11:42]} Qc8
{[%clk 0:06:57]} 50. Re6 {[%clk 0:10:22]} Qb7 {[%clk 0:07:13]} 51. g3
{[%clk 0:09:32]} Qxb3 {[%clk 0:07:10]} 52. Rxf6 {[%clk 0:09:02]} a5
{[%clk 0:06:22]} 53. Qh5 {[%clk 0:07:54]} Qb1+ {[%clk 0:06:29]} 54. Kg2
{[%clk 0:08:18]} Qe4+ {[%clk 0:06:22]} 55. Kh3 {[%clk 0:07:49]} Qc4
{[%clk 0:04:15]} 56. Rxh6+ {[%clk 0:07:58]} Kg8 {[%clk 0:04:41]} 57. Qe8# 1-0